[Event "2R-LV-D.H.-Sestao Bizkaialde - Gros X.T. 'A: 3-1"]
[Site "Bergara"]
[Date "2019.01.19"]
[Round "2.2"]
[White "Van Wely, Loek"]
[Black "Edouard, Romain"]
[Result "1/2-1/2"]
[WhiteElo "2622"]
[BlackElo "2643"]
[PlyCount "53"]
[EventDate "2019.01.12"]
[WhiteTeam "Gros X.T. "]
[BlackTeam "Sestao"]

1. c4 e5 2. Nc3 Nf6 3. Nf3 Nc6 4. g3 d5 5. cxd5 Nxd5 6. Bg2 Nb6 7. a3 Be7 8. b4
Be6 9. Rb1 f6 10. d3 O-O 11. O-O Nd4 12. Nd2 c6 13. e3 Nf5 14. Nb3 Kh8 15. Nc5
Bxc5 16. bxc5 Nd7 17. Ne4 b5 18. Qc2 a5 19. Bb2 Bd5 20. Rbe1 b4 21. f4 exf4 22.
gxf4 Qe8 23. axb4 axb4 24. Nxf6 Nxf6 25. e4 b3 26. Qd2 Qg6 27. exd5 {(Ilegible)
} 1/2-1/2

[Event "2R-LV-D.H.-Sestao Bizkaialde - Gros X.T. 'A: 3-1"]
[Site "Bergara"]
[Date "2019.01.19"]
[Round "2.2"]
[White "Iruzubieta Villaluenga, Jesus M"]
[Black "Gonzalez De La Torre, Santiago"]
[Result "1-0"]
[WhiteElo "2428"]
[BlackElo "2432"]
[PlyCount "133"]
[EventDate "2019.01.12"]
[WhiteTeam "Sestao"]
[BlackTeam "Gros X.T. "]

1. e4 c5 2. Nf3 e6 3. d4 cxd4 4. Nxd4 a6 5. Nc3 Qc7 6. Qf3 Bd6 7. Be3 Nf6 8.
O-O-O Be5 9. g4 h6 10. h4 h5 11. g5 Ng4 12. Nce2 Nc6 13. Nxc6 bxc6 14. Bd4 Rb8
15. Bh3 Qa5 16. Bxe5 Nxe5 17. Qc3 Qxc3 18. Nxc3 Ng6 19. Bf1 Ke7 20. Bd3 e5 21.
Ne2 d6 22. Ng3 Nf4 23. f3 g6 24. Ne2 Ne6 25. Rhf1 Nc5 26. f4 Bg4 27. Rd2 Rb4
28. Nc3 a5 29. b3 exf4 30. Rxf4 Nd7 31. Be2 Ne5 32. a3 Rbb8 33. Rd4 Rhf8 34.
Kd2 Be6 35. Rf1 Nd7 36. Ke3 f6 37. gxf6+ Nxf6 38. Ra4 Ra8 39. Kd2 Rg8 40. Rg1
Ng4 41. Nd1 Ne5 42. Ne3 Bd7 43. Nc4 c5 44. Rxa5 Rxa5 45. Nxa5 Bg4 46. Nc4 g5
47. Nxe5 dxe5 48. hxg5 Rxg5 49. a4 Rg8 50. Ke3 Kd6 51. c3 Kc6 52. b4 cxb4 53.
cxb4 Rb8 54. Rc1+ Kd6 55. b5 Bxe2 56. Kxe2 h4 57. Rc6+ Kd7 58. Kf3 Ra8 59. Rc4
Rg8 60. b6 Rg3+ 61. Kf2 Rb3 62. a5 Rb5 63. a6 Rxb6 64. Ra4 Rb8 65. a7 Ra8 66.
Kg2 Kc6 67. Kh3 1-0

[Event "2R-LV-D.H.-Sestao Bizkaialde - Gros X.T. 'A: 3-1"]
[Site "Bergara"]
[Date "2019.01.19"]
[Round "2.2"]
[White "Franco Alonso, Alejandro"]
[Black "Trigo Urquijo, Sergio"]
[Result "1/2-1/2"]
[WhiteElo "2403"]
[BlackElo "2378"]
[PlyCount "44"]
[EventDate "2019.01.12"]
[WhiteTeam "Gros X.T. "]
[BlackTeam "Sestao"]

1. c4 d6 2. Nc3 e5 3. g3 g6 4. Bg2 Bg7 5. e4 Ne7 6. Nge2 c5 7. d3 Nbc6 8. a3
O-O 9. O-O Rb8 10. b4 cxb4 11. axb4 Nxb4 12. Ba3 a5 13. Nb5 Nec6 14. Nec3 b6
15. Nd5 Ba6 16. Bxb4 Nxb4 17. Nxb4 Bxb5 18. cxb5 axb4 19. Qb3 Qd7 20. Qxb4 Rfc8
21. Rfc1 Rc5 22. Rab1 Ra8 1/2-1/2





[---------2R-LV-D.H.-Orvina - Itsas Zaldunak/Altzaga------------------------------------------------------]

[Event "2R-LV-D.H.-Orvina - Itsas Zaldunak/Altzaga: 2'5-1'5"]
[Site "Bergara"]
[Date "2019.01.19"]
[Round "2.3"]
[White "Ortega Lopez, Mikel"]
[Black "Gonzalez Pereira, Asier"]
[Result "1/2-1/2"]
[WhiteElo "2256"]
[BlackElo "2067"]
[PlyCount "34"]
[EventDate "2019.01.12"]
[WhiteTeam "Orvina"]
[BlackTeam "Itsas Zaldunak"]

1. e4 c5 2. Nf3 Nc6 3. d4 cxd4 4. Nxd4 e6 5. Nc3 Qc7 6. g4 Nxd4 7. Qxd4 Nf6 8.
e5 Bc5 9. Qf4 Nd5 10. Nxd5 exd5 11. Bd2 O-O 12. O-O-O d6 13. Bc3 d4 14. Bxd4
Bxd4 15. Qxd4 dxe5 16. Qe4 Be6 17. Bd3 g6 1/2-1/2

[Event "2R-LV-D.H.-Orvina - Itsas Zaldunak/Altzaga: 2'5-1'5"]
[Site "Bergara"]
[Date "2019.01.19"]
[Round "2.3"]
[White "Barbazan Bilbao, Xabier"]
[Black "Navarrete Delgado, Sergio"]
[Result "1-0"]
[WhiteElo "2065"]
[BlackElo "2194"]
[PlyCount "155"]
[EventDate "2019.01.12"]
[WhiteTeam "Itsas Zaldunak"]
[BlackTeam "Orvina"]

1. e4 e5 2. Nf3 Nc6 3. Bc4 Nf6 4. d3 d5 5. exd5 Nxd5 6. O-O Bg4 7. Re1 Be7 8.
Nbd2 O-O 9. h3 Bh5 10. g4 Bg6 11. Nxe5 Nxe5 12. Rxe5 Nb6 13. Bb3 Bd6 14. Re1
Qh4 15. Qf3 Nd7 16. Ne4 Rae8 17. Bg5 Bxe4 18. Rxe4 Qxg5 19. Rxe8 Ne5 20. Rxf8+
Kxf8 21. Qf5 Qd2 22. d4 Qxd4 23. Re1 f6 24. Re4 Qd1+ 25. Kg2 Ke7 26. Qe6+ Kd8
27. Qg8+ Kd7 28. Qxg7+ Be7 29. Re3 Qd6 30. Qxh7 c5 31. Qf5+ Kc7 32. Qe6 Qd8 33.
Bd5 Ng6 34. Qe4 Qxd5 35. Qxd5 Nf4+ 36. Kf3 Nxd5 37. Re1 Kd7 38. Ke4 Ke6 39. f4
Nb4 40. c3 Na6 41. b3 Nc7 42. h4 f5+ 43. gxf5+ Kf7 44. h5 Ne8 45. h6 Nf6+ 46.
Kf3 b5 47. Re6 a5 48. Ra6 b4 49. c4 Bf8 50. Ra7+ Kg8 51. h7+ Nxh7 52. Ke4 Bg7
53. Rxg7+ Kxg7 54. Kd5 Kf7 55. Kxc5 Ke7 56. Kb6 Nf6 57. Kxa5 Kd6 58. Kxb4 Kc6
59. a4 Ne4 60. f6 Nxf6 61. Kc3 Ne4+ 62. Kd4 Nc5 63. Kc3 Ne4+ 64. Kb4 Nc5 65. f5
Ne4 66. a5 Kc7 67. Ka4 Nc5+ 68. Ka3 Ne4 69. Kb2 Kc6 70. Kc2 Kc5 71. Kd3 Nf6 72.
Ke3 Kc6 73. b4 Kd6 74. Kd4 Nd7 75. b5 Nc5 76. a6 Nb3+ 77. Kc3 Nc5 78. a7 1-0

[Event "2R-LV-D.H.-Orvina - Itsas Zaldunak/Altzaga: 2'5-1'5"]
[Site "Bergara"]
[Date "2019.01.19"]
[Round "2.4"]
[White "Alonso Arburu, Juan Ignacio"]
[Black "Narciso Dublan, Marc"]
[Result "1/2-1/2"]
[WhiteElo "2306"]
[BlackElo "2486"]
[PlyCount "106"]
[EventDate "2019.01.12"]
[WhiteTeam "Batalla"]
[BlackTeam "San Juan"]

1. d4 d6 2. g3 g6 3. Bg2 Bg7 4. Nf3 f5 5. O-O Nf6 6. c4 O-O 7. Nc3 c6 8. Qd3
Na6 9. Rb1 Qe8 10. Rd1 e5 11. dxe5 dxe5 12. Qd6 Ng4 13. h3 e4 14. hxg4 exf3 15.
exf3 fxg4 16. f4 Bf5 17. Ra1 Bc2 18. Rd2 Qe1+ 19. Bf1 Rad8 20. Qxd8 Rxd8 21.
Rxd8+ Kf7 22. Rd7+ Kg8 23. Rd8+ Kf7 24. Rd7+ Kg8 25. Rd2 Bxc3 26. bxc3 Bf5 27.
Re2 Qd1 28. Bb2 Qd6 29. c5 Nxc5 30. c4 Kf7 31. Be5 Qd8 32. Re3 h5 33. Be2 h4
34. Rd1 Qa5 35. Bd6 hxg3 36. Re7+ Kf6 37. Re5 gxf2+ 38. Kg2 b6 39. Be7+ Kf7 40.
Bg5 Be6 41. Bxg4 f1=Q+ 42. Kxf1 Bxc4+ 43. Kg1 Bd5 44. Rde1 Qc3 45. Re7+ Kg8 46.
Kh2 Qh8+ 47. Kg3 Qc3+ 48. R1e3 Qa1 49. Re1 Qc3+ 50. Kh4 Qh8+ 51. Kg3 Qc3+ 52.
R1e3 Qa1 53. Re1 Qc3+ 1/2-1/2

[Event "2R-LV-D.H.-Orvina - Itsas Zaldunak/Altzaga: 2'5-1'5"]
[Site "Bergara"]
[Date "2019.01.19"]
[Round "2.4"]
[White "Sanchez Carayol, Jesus Carlos"]
[Black "Cruz-Lopez Claret, Carlos"]
[Result "0-1"]
[WhiteElo "2114"]
[BlackElo "2292"]
[PlyCount "82"]
[EventDate "2019.01.12"]
[WhiteTeam "San Juan"]
[BlackTeam "Batalla"]

1. e4 e5 2. Nf3 Nc6 3. d4 exd4 4. c3 dxc3 5. Nxc3 Bb4 6. Bc4 d6 7. Qb3 Qe7 8.
O-O Bxc3 9. bxc3 Nf6 10. e5 Nxe5 11. Nxe5 dxe5 12. Ba3 c5 13. Bb5+ Kf8 14. Rad1
b6 15. Rfe1 Bb7 16. Bc1 Qe6 17. Qxe6 fxe6 18. Rxe5 a6 19. Bf1 Kf7 20. Rd6 b5
21. Rdxe6 Rhe8 22. Rxe8 Rxe8 23. Rxc5 Re1 24. Bd2 Rd1 25. Rc7+ Kf8 26. Bg5 Be4
27. Bxf6 gxf6 28. h3 Bd3 29. Kh2 Rxf1 30. Kg3 Ra1 31. Rc6 Rxa2 32. Rxf6+ Kg7
33. Rd6 Bg6 34. h4 a5 35. Rb6 Rb2 36. f3 a4 37. c4 b4 38. c5 a3 39. c6 a2 40.
c7 Rc2 41. Rb7 Bf7 0-1



[---------2R-LV-D.H.-Batalla - San Juan: 2'5-1'5---------------------------------------------------]

[Event "2R-LV-D.H.-Batalla - San Juan: 2'5-1'5"]
[Site "Bergara"]
[Date "2019.01.19"]
[Round "2.4"]
[White "Sanchez Carayol, Jesus Carlos"]
[Black "Cruz-Lopez Claret, Carlos"]
[Result "0-1"]
[WhiteElo "2114"]
[BlackElo "2292"]
[PlyCount "82"]
[EventDate "2019.01.12"]
[WhiteTeam "San Juan"]
[BlackTeam "Batalla"]

1. e4 e5 2. Nf3 Nc6 3. d4 exd4 4. c3 dxc3 5. Nxc3 Bb4 6. Bc4 d6 7. Qb3 Qe7 8.
O-O Bxc3 9. bxc3 Nf6 10. e5 Nxe5 11. Nxe5 dxe5 12. Ba3 c5 13. Bb5+ Kf8 14. Rad1
b6 15. Rfe1 Bb7 16. Bc1 Qe6 17. Qxe6 fxe6 18. Rxe5 a6 19. Bf1 Kf7 20. Rd6 b5
21. Rdxe6 Rhe8 22. Rxe8 Rxe8 23. Rxc5 Re1 24. Bd2 Rd1 25. Rc7+ Kf8 26. Bg5 Be4
27. Bxf6 gxf6 28. h3 Bd3 29. Kh2 Rxf1 30. Kg3 Ra1 31. Rc6 Rxa2 32. Rxf6+ Kg7
33. Rd6 Bg6 34. h4 a5 35. Rb6 Rb2 36. f3 a4 37. c4 b4 38. c5 a3 39. c6 a2 40.
c7 Rc2 41. Rb7 Bf7 0-1

[Event "2R-LV-D.H.-Batalla - San Juan: 2'5-1'5"]
[Site "Bergara"]
[Date "2019.01.19"]
[Round "2.4"]
[White "Munoz Perez, Ivan"]
[Black "Aldave Aguado, Adrian"]
[Result "1-0"]
[WhiteElo "2243"]
[BlackElo "1930"]
[PlyCount "127"]
[EventDate "2019.01.12"]
[WhiteTeam "Batalla"]
[BlackTeam "San Juan"]

1. e4 e6 2. d4 d5 3. Nd2 c5 4. exd5 exd5 5. Ngf3 a6 6. Be2 c4 7. Nf1 Bd6 8. Bg5
f6 9. Bh4 Ne7 10. Bg3 Nbc6 11. c3 O-O 12. b3 b5 13. a4 Bb7 14. axb5 axb5 15.
Rxa8 Bxa8 16. b4 Nc8 17. N3d2 Re8 18. Ne3 N6e7 19. O-O Nb6 20. Qc2 Bc6 21. Bf3
Qc7 22. Ra1 Bxg3 23. hxg3 Qb7 24. Ndf1 Bd7 25. g4 g6 26. Ng3 Nec8 27. Qd2 Nd6
28. Bd1 Ra8 29. Rc1 Bc6 30. f3 Qg7 31. Ne2 Qh6 32. Nxc4 Qxd2 33. Nxd2 Ra2 34.
Nb3 Ndc4 35. Ra1 Rb2 36. Nec1 Ne3 37. Be2 Na4 38. Ra2 Rb1 39. Bd3 Rb2 40. Rxb2
Nxb2 41. Be2 Nc2 42. Kf2 Na3 43. Na2 Kf7 44. Kg3 Nc2 45. Kf2 Na3 46. Nc5 Ke7
47. Nc1 Nbc4 48. Bxc4 bxc4 49. Ne2 f5 50. g5 Nb5 51. Ke3 Kd6 52. Kd2 Ke7 53.
Nf4 Nc7 54. Nh3 Kd6 55. Nf2 Ke7 56. g4 fxg4 57. Nxg4 Ne6 58. Nxe6 Kxe6 59. Ne3
Kd6 60. Ke2 Bd7 61. Kf2 Be6 62. Kg3 Bd7 63. Kf4 Bh3 64. Ng4 1-0

[Event "2R-LV-D.H.-Batalla - San Juan: 2'5-1'5"]
[Site "Bergara"]
[Date "2019.01.19"]
[Round "2.4"]
[White "Lizuain Toni, Javier"]
[Black "Serras Uria, Antonio"]
[Result "1-0"]
[WhiteElo "1824"]
[BlackElo "2216"]
[PlyCount "63"]
[EventDate "2019.01.12"]
[WhiteTeam "San Juan"]
[BlackTeam "Batalla"]

1. e4 c5 2. Nf3 d6 3. d4 cxd4 4. Nxd4 Nf6 5. Nc3 Nc6 6. f4 Bd7 7. Nf3 e5 8. Bc4
Be7 9. O-O O-O 10. f5 Rc8 11. Qe1 Nb4 12. Bb3 a5 13. a4 d5 14. exd5 Bxf5 15.
Qxe5 Bxc2 16. Bxc2 Nxc2 17. Rb1 Qb6+ 18. Kh1 Bd6 19. Qf5 Rxc3 20. Bg5 Rc5 21.
Bxf6 gxf6 22. Ng5 fxg5 23. Qxg5+ Kh8 24. Qf6+ Kg8 25. Rf5 h6 26. Qxh6 Bc7 27.
Rg5+ Qg6 28. Rxg6+ fxg6 29. Qxg6+ Kh8 30. Qh6+ Kg8 31. Qe6+ Rf7 32. Rf1 1-0








[-1R-LV -2019-D.H.-Endroke - Batalla: 0-4-]
[-1R-LV-D.H.-Itsas Zaldunak/Altzaga - Sestao Bizkaialde: 0-4-]
[-1R-LV-2019-D.H.-Gros X.T. - Oberena 'A: 4-0-]


[---------1R-LV -2019-D.H.-Endroke - Batalla: 0-4------------------------------------------------------]

[Event "1R-LV-D.H.-Endroke - Batalla: 0-4"]
[Site "Bergara"]
[Date "2019.01.12"]
[Round "1.2"]
[White "Martinez Fernandez, Adrian"]
[Black "Alonso Arburu, Juan Ignacio"]
[Result "0-1"]
[WhiteElo "2232"]
[BlackElo "2306"]
[PlyCount "78"]
[EventDate "2019.01.12"]
[WhiteTeam "Endroke"]
[BlackTeam "Batalla"]

1. e4 e6 2. d4 d5 3. Nd2 Nf6 4. e5 Nfd7 5. Bd3 c5 6. c3 Nc6 7. Ngf3 Qb6 8. O-O
cxd4 9. cxd4 Nxd4 10. Nxd4 Qxd4 11. Nf3 Qb6 12. Qa4 Qb4 13. Qc2 Nc5 14. Bd2 Qb6
15. Be3 Bd7 16. Rac1 Rc8 17. b4 Nxd3 18. Qxd3 Bb5 19. Qd2 Qa6 20. Rfe1 Rxc1 21.
Qxc1 Bc4 22. Nd4 Be7 23. f4 g6 24. g4 Kd7 25. a3 h5 26. g5 Rc8 27. Qb2 Bd3 28.
Rc1 Rxc1+ 29. Qxc1 Qa4 30. Kf2 a5 31. Qc3 Qd1 32. bxa5 h4 33. Qc1 Qa4 34. Qb2
Ba6 35. Qc3 Bxa3 36. Nb3 Qb5 37. Nd2 Qe2+ 38. Kg1 Qe1+ 39. Kg2 Bf1+ 0-1

[Event "1R-LV-D.H.-Endroke - Batalla: 0-4"]
[Site "Bergara"]
[Date "2019.01.12"]
[Round "1.2"]
[White "Cruz-Lopez Claret, Carlos"]
[Black "Buiza Prieto, Eihartze"]
[Result "1-0"]
[WhiteElo "2292"]
[BlackElo "2077"]
[PlyCount "53"]
[EventDate "2019.01.12"]
[WhiteTeam "Batalla"]
[BlackTeam "Endroke"]

1. d4 Nf6 2. c4 c5 3. d5 e6 4. Nc3 exd5 5. cxd5 Bd6 6. e4 O-O 7. f4 Nxe4 8.
Nxe4 Re8 9. Qe2 Bc7 10. g4 d6 11. Nh3 Na6 12. Bg2 f5 13. gxf5 Bxf5 14. Nhf2 c4
15. O-O Nc5 16. Qxc4 b5 17. Qc3 Bb6 18. Kh1 Qh4 19. Re1 Nb3 20. Be3 Bxe3 21.
axb3 Bxf4 22. h3 Bg3 23. Qf3 Bf4 24. Nd3 Bxe4 25. Rxe4 Rxe4 26. Qxe4 Rf8 27.
Rf1 1-0

[Event "1R-LV-D.H.-Endroke - Batalla: 0-4"]
[Site "Bergara"]
[Date "2019.01.12"]
[Round "1.2"]
[White "Buiza Prieto, Aizbeltz"]
[Black "Munoz Perez, Ivan"]
[Result "0-1"]
[WhiteElo "2045"]
[BlackElo "2243"]
[PlyCount "92"]
[EventDate "2019.01.12"]
[WhiteTeam "Endroke"]
[BlackTeam "Batalla"]

1. d4 Nf6 2. Bg5 e6 3. e4 h6 4. Bxf6 Qxf6 5. c3 d6 6. Bd3 Nd7 7. Ne2 g6 8. O-O
Bg7 9. f4 O-O 10. Nd2 Qe7 11. Nf3 e5 12. Qd2 b6 13. Ng3 c5 14. Bc4 cxd4 15.
cxd4 exf4 16. Qxf4 Bb7 17. Rae1 Rac8 18. b3 Kh7 19. Bd3 Kg8 20. h4 Rfe8 21. h5
Nf8 22. hxg6 fxg6 23. Bc4+ Kh7 24. Bf7 Red8 25. Rd1 Rc7 26. Nh4 Qg5 27. Bc4
Qxf4 28. Rxf4 g5 29. Rxf8 Bxf8 30. Nhf5 d5 31. exd5 Bxd5 32. Bd3 Kh8 33. Nh5
Be6 34. Nhg3 Rf7 35. Bc4 Bxc4 36. bxc4 h5 37. Ne3 h4 38. Ngf5 Re8 39. Rf1 Re4
40. g4 hxg3 41. Kg2 Rf4 42. Rh1+ Kg8 43. Nxg3 Rxd4 44. Nh5 Rd2+ 45. Kg3 Rd3 46.
Re1 Bc5 0-1

[Event "1R-LV-D.H.-Endroke - Batalla: 0-4"]
[Site "Bergara"]
[Date "2019.01.12"]
[Round "1.2"]
[White "Olaizola Ortega, Luis"]
[Black "Idiazabal Troyas, Aritz"]
[Result "1-0"]
[WhiteElo "2114"]
[BlackElo "2035"]
[PlyCount "77"]
[EventDate "2019.01.12"]
[WhiteTeam "Batalla"]
[BlackTeam "Endroke"]

1. d4 c5 2. c3 e6 3. e4 d5 4. e5 Nc6 5. Nf3 Qb6 6. a3 Bd7 7. b4 cxd4 8. cxd4
Nge7 9. Be2 Nf5 10. Be3 Be7 11. O-O Rc8 12. g4 Nh4 13. Nxh4 Bxh4 14. Qd2 O-O
15. Nc3 Ne7 16. f4 f6 17. Rac1 Ng6 18. Rf3 Qd8 19. f5 exf5 20. gxf5 Nh8 21. e6
Be8 22. Qb2 Rxc3 23. Rxc3 g6 24. Bh6 gxf5 25. Bxf8 Kxf8 26. Rh3 Ng6 27. Rxh4
Nxh4 28. Rh3 Ng6 29. Rxh7 Qd6 30. Qd2 f4 31. Bg4 Kg8 32. Rxb7 Ne7 33. Qc3 f5
34. Qc5 Qxe6 35. Rxe7 Qg6 36. Qxd5+ Kf8 37. Rxe8+ Qxe8 38. Qxf5+ Kg8 39. Qe6+
1-0





[---------1R-LV-D.H.-2019-Itsas Zaldunak/Altzaga - Sestao Bizkaialde: 0-4------------------------------------------------------]

[Event "1R-LV-D.H.-Itsas Zaldunak/Altzaga - Sestao Bizkaialde: 0-4"]
[Site "Bergara"]
[Date "2019.01.12"]
[Round "1.4"]
[White "Llano Olabarrieta, Joseba"]
[Black "Iruzubieta Villaluenga, Jesus M"]
[Result "0-1"]
[WhiteElo "2150"]
[BlackElo "2428"]
[PlyCount "52"]
[EventDate "2019.01.12"]
[WhiteTeam "Itsas Zaldunak"]
[BlackTeam "Sestao"]

1. e4 c5 2. Nf3 d6 3. Bb5+ Nc6 4. d4 cxd4 5. Qxd4 Bd7 6. Bxc6 Bxc6 7. Nc3 Nf6
8. Bg5 e6 9. O-O-O Be7 10. Qd3 Qa5 11. Bd2 Qa6 12. Qxa6 bxa6 13. Rhe1 O-O 14.
Nd4 Bb7 15. f3 Rac8 16. Be3 Nd7 17. Nb3 Nb6 18. Rd3 Rfd8 19. Red1 Kf8 20. a4
Nc4 21. Bxa7 Ne5 22. Rd4 Nc6 23. Bb6 Nxd4 24. Rxd4 Re8 25. Na5 Ba8 26. Nc4 e5
0-1

[Event "1R-LV-D.H.-Itsas Zaldunak/Altzaga - Sestao Bizkaialde: 0-4"]
[Site "Bergara"]
[Date "2019.01.12"]
[Round "1.4"]
[White "Trigo Urquijo, Sergio"]
[Black "Perez Pacheco, Ricardo"]
[Result "1-0"]
[WhiteElo "2378"]
[BlackElo "2149"]
[PlyCount "43"]
[EventDate "2019.01.12"]
[WhiteTeam "Sestao"]
[BlackTeam "Itsas Zaldunak"]

1. d4 d5 2. c4 e6 3. Nc3 c6 4. e4 Bb4 5. Bd2 dxc4 6. Bxc4 b5 7. Bb3 Bb7 8. Nf3
Nf6 9. Qe2 O-O 10. e5 Nd5 11. Ne4 Be7 12. O-O h6 13. Bc2 Nd7 14. Qd3 f5 15.
exf6 N7xf6 16. Nxf6+ Nxf6 17. Bxh6 Qe8 18. Bg5 Qh5 19. h4 c5 20. Ne5 Rfd8 21.
Qxb5 Rab8 22. Bg6 1-0

[Event "1R-LV-D.H.-Itsas Zaldunak/Altzaga - Sestao Bizkaialde: 0-4"]
[Site "Bergara"]
[Date "2019.01.12"]
[Round "1.4"]
[White "Barbazan Bilbao, Xabier"]
[Black "Gomez Esteban, Juan Mario"]
[Result "0-1"]
[WhiteElo "2065"]
[BlackElo "2370"]
[PlyCount "76"]
[EventDate "2019.01.12"]
[WhiteTeam "Itsas Zaldunak"]
[BlackTeam "Sestao"]

1. e4 c6 2. d4 d5 3. Nd2 dxe4 4. Nxe4 Bf5 5. Ng3 Bg6 6. N1e2 e6 7. Nf4 Bd6 8.
h4 Bxf4 9. Bxf4 h6 10. Qd2 Nf6 11. O-O-O a5 12. Kb1 Nd5 13. Bxb8 Rxb8 14. Bd3
Bxd3 15. Qxd3 O-O 16. Ne4 Nf6 17. f3 Nxe4 18. Qxe4 Qd5 19. Qf4 Rbd8 20. Rhe1 c5
21. c3 b5 22. Re5 Qd6 23. Qe4 cxd4 24. Rxd4 Qb6 25. Qd3 Rb8 26. Re1 b4 27. c4
a4 28. g4 b3 29. a3 Rbd8 30. Rd1 Rxd4 31. Qxd4 Qc6 32. Qe4 Qc7 33. g5 Rd8 34.
Rc1 Qh2 35. Ka1 Qd2 36. Rg1 hxg5 37. hxg5 Qc2 38. Qxc2 bxc2 0-1

[Event "1R-LV-D.H.-Itsas Zaldunak/Altzaga - Sestao Bizkaialde: 0-4"]
[Site "Bergara"]
[Date "2019.01.12"]
[Round "1.4"]
[White "Ruiz Gomez, Alejandro"]
[Black "Ostolazaga Barragan, Eneko"]
[Result "1-0"]
[WhiteElo "2363"]
[BlackElo "2031"]
[PlyCount "51"]
[EventDate "2019.01.12"]
[WhiteTeam "Sestao"]
[BlackTeam "Itsas Zaldunak"]

1. d4 e6 2. Nf3 Nf6 3. c4 b6 4. g3 Ba6 5. Qa4 Bb7 6. Bg2 c5 7. O-O cxd4 8. Nxd4
Bxg2 9. Kxg2 Bc5 10. Nb3 Be7 11. Nc3 Qc8 12. e4 Qb7 13. f3 O-O 14. Bf4 d6 15.
Rad1 Rd8 16. Nb5 d5 17. exd5 exd5 18. Nc7 dxc4 19. Nxa8 cxb3 20. Nc7 g5 21. Be5
Nfd7 22. Rfe1 Nxe5 23. Rxd8+ Bxd8 24. Qe8+ Kg7 25. Qxe5+ Bf6 26. Ne8+ 1-0










[---------1R-LV-2019-D.H.-Gros X.T. - Oberena 'A: 4-0---------------------------------------------------------------]

[Event "1R-LV-D.H.-Gros X.T. - Oberena 'A: 4-0"]
[Site "Bergara"]
[Date "2019.01.12"]
[Round "1.5"]
[White "Gonzalez De La Torre, Santiago"]
[Black "Zamarbide Inarrea, Daniel"]
[Result "1-0"]
[WhiteElo "2432"]
[BlackElo "2245"]
[PlyCount "49"]
[EventDate "2019.01.12"]
[WhiteTeam "Gros X.T. "]
[BlackTeam "Oberena "]

1. e4 c5 2. Nf3 Nc6 3. Nc3 Nf6 4. Bb5 g6 5. e5 Ng4 6. Bxc6 dxc6 7. h3 Nh6 8. d3
Nf5 9. Bf4 Bg7 10. Qd2 h6 11. Ne4 b6 12. c3 g5 13. Bh2 Nh4 14. Nxh4 gxh4 15.
O-O Rg8 16. Kh1 Bf5 17. Qf4 Bxe4 18. dxe4 e6 19. Qe3 Qc7 20. Rad1 Bxe5 21. f4
Bd6 22. e5 Be7 23. f5 Bg5 24. Qf3 Rd8 25. fxe6 1-0

[Event "1R-LV-D.H.-Gros X.T. - Oberena 'A: 4-0"]
[Site "Bergara"]
[Date "2019.01.12"]
[Round "1.5"]
[White "Vila Dupla, Aurelio"]
[Black "Franco Alonso, Alejandro"]
[Result "0-1"]
[WhiteElo "2166"]
[BlackElo "2403"]
[PlyCount "95"]
[EventDate "2019.01.12"]
[WhiteTeam "Oberena "]
[BlackTeam "Gros X.T. "]

1. Nf3 Nf6 2. c4 e6 3. b3 d5 4. Bb2 Be7 5. e3 O-O 6. Be2 b6 7. O-O Bb7 8. Nc3
Nbd7 9. cxd5 exd5 10. d4 a6 11. Rc1 Bd6 12. Nh4 Re8 13. Nf5 Bf8 14. Qd2 g6 15.
Ng3 Bd6 16. Rfe1 Re6 17. Bf3 Qe7 18. e4 dxe4 19. Ngxe4 Re8 20. Nxf6+ Nxf6 21.
Rxe6 Qxe6 22. Be2 Nd5 23. Bc4 b5 24. Nxd5 Bxd5 25. Bf1 Qg4 26. Qc3 Qf4 27. g3
Qe4 28. f3 Qxf3 29. Qxf3 Bxf3 30. Kf2 Bd5 31. Bc3 f5 32. Ba5 Kf7 33. Rc3 Re7
34. a4 b4 35. Rd3 c5 36. Bb6 c4 37. bxc4 Bxc4 38. Rd2 Bxf1 39. Kxf1 Re3 40. a5
b3 41. d5 Re4 42. Bd4 Ba3 43. Bh8 Rb4 44. Rd1 b2 45. Rb1 Rc4 46. Bxb2 Rb4 47.
Bxa3 Rxb1+ 48. Kg2 0-1

[Event "1R-LV-D.H.-Gros X.T. - Oberena 'A: 4-0"]
[Site "Bergara"]
[Date "2019.01.12"]
[Round "1.5"]
[White "Argandona Riveiro, Inigo"]
[Black "Del Carmen Hernandez, Aimer"]
[Result "1-0"]
[WhiteElo "2413"]
[BlackElo "1913"]
[PlyCount "67"]
[EventDate "2019.01.12"]
[WhiteTeam "Gros X.T. "]
[BlackTeam "Oberena "]

1. Nf3 d5 2. d4 c5 3. dxc5 e6 4. e4 Bxc5 5. exd5 exd5 6. Bb5+ Nc6 7. O-O Nge7
8. c3 O-O 9. Bd3 Ng6 10. Nbd2 Bg4 11. h3 Bh5 12. Qc2 f5 13. Bxf5 Nf4 14. Nb3
Bd6 15. Bxf4 Bxf4 16. g4 Be8 17. Rad1 Bc7 18. Be6+ Bf7 19. Rxd5 Qf6 20. Ng5 g6
21. Bxf7+ Rxf7 22. Nxf7 Qxf7 23. Qe4 Re8 24. Qg2 Ne5 25. Nd4 Nd3 26. Nf5 gxf5
27. Rxd3 fxg4 28. hxg4 Kh8 29. Qd5 Qg7 30. Qd7 Qg6 31. Rh3 Bf4 32. Rxh7+ Qxh7
33. Qxe8+ Kg7 34. Qe7+ 1-0

[Event "1R-LV-D.H.-Gros X.T. - Oberena 'A: 4-0"]
[Site "Bergara"]
[Date "2019.01.12"]
[Round "1.5"]
[White "Pascual Garcia, Martin"]
[Black "Hernandez Lopez, Daniel"]
[Result "0-1"]
[WhiteElo "1886"]
[BlackElo "1920"]
[PlyCount "96"]
[EventDate "2019.01.12"]
[WhiteTeam "Oberena "]
[BlackTeam "Gros X.T. "]

1. c4 Nf6 2. Nc3 g6 3. g3 Bg7 4. Bg2 c6 5. d4 d5 6. cxd5 cxd5 7. Nf3 O-O 8. O-O
Nc6 9. Ne5 e6 10. Nxc6 bxc6 11. Bg5 h6 12. Bxf6 Bxf6 13. Na4 Rb8 14. Rc1 Rb4
15. e3 Ba6 16. a3 Rc4 17. Nc3 c5 18. b3 Rxc3 19. Rxc3 Bxf1 20. Bxf1 cxd4 21.
exd4 Qb6 22. Rc5 Be7 23. Rb5 Qc6 24. Ra5 Ra8 25. Ra6 Qc3 26. Qd3 Qxd3 27. Bxd3
Bf6 28. Ra4 Rb8 29. Kf1 Rxb3 30. Ke2 Rb7 31. h4 g5 32. hxg5 hxg5 33. g4 Bd8 34.
Bc2 a5 35. Kd3 Kf8 36. Kc3 Ke7 37. Kd3 Kd6 38. Bd1 Kc6 39. Kc3 Kb6 40. Bc2 Rc7+
41. Kb2 Be7 42. Bd3 Bd6 43. Be2 Bf4 44. Bd3 Rc1 45. Bh7 Rf1 46. Bg8 Rxf2+ 47.
Kb3 Bd6 48. Kc3 Kb5 0-1











[-2R-LV-2019-P.D.-Santurtzi - Abadiño: 0-4 -]
[-2R-LV-2019-P.D.-Conteneo - Oberena 'B: 3'5-0'5 -]
[-2R-LV-2019-P.D.-Arrasate/Arlutz - Danubio: 2-2 -]




[---------2R-LV-2019-P.D.-Santurtzi - Abadiño: 0-4-------------------------------------------------------]

[Event "2R-LV-P.D.-Santurtzi - Abadiño: 0-4"]
[Site "Bergara"]
[Date "2019.01.19"]
[Round "2.1"]
[White "Fernandez Garcia, Juan Carlos"]
[Black "Prieto Aranguren, Alain"]
[Result "0-1"]
[WhiteElo "2194"]
[BlackElo "2235"]
[PlyCount "62"]
[EventDate "2019.01.12"]
[WhiteTeam "Abadiño"]
[BlackTeam "Santurtzi"]

1. d4 Nf6 2. Nc3 d5 3. Bg5 Nbd7 4. Qd3 c6 5. Nf3 h6 6. Bh4 Qa5 7. O-O-O b5 8.
Ne5 b4 9. Nb1 Nxe5 10. dxe5 Ne4 11. e6 Bxe6 12. f3 Nc5 13. Qd4 Nd7 14. e4 c5
15. Qd2 d4 16. a3 Rb8 17. Be1 g6 18. axb4 Qa1 19. b3 Rxb4 20. Qf4 h5 21. Qc7
Bh6+ 22. f4 Rb8 23. Bd2 O-O 24. f5 Bxd2+ 25. Kxd2 gxf5 26. Qg3+ Kh7 27. Qh4 Nf6
28. e5 Ne4+ 29. Kc1 Bxb3 30. Qxh5+ Kg7 31. Rd3 Rh8 0-1

[Event "2R-LV-P.D.-Santurtzi - Abadiño: 0-4"]
[Site "Bergara"]
[Date "2019.01.19"]
[Round "2.1"]
[White "Martin Echeandia, Ibon"]
[Black "Alonso Alonso, Ivan"]
[Result "1-0"]
[WhiteElo "2142"]
[BlackElo "2106"]
[PlyCount "39"]
[EventDate "2019.01.12"]
[WhiteTeam "Santurtzi"]
[BlackTeam "Abadiño"]

1. e4 c5 2. Nf3 Nc6 3. d4 cxd4 4. Nxd4 Nf6 5. Nc3 e5 6. Ndb5 d6 7. Bg5 a6 8.
Na3 b5 9. Bxf6 gxf6 10. Nd5 Bg7 11. Bd3 Ne7 12. Nxe7 Qxe7 13. O-O O-O 14. Qf3
f5 15. exf5 d5 16. Qxd5 Bb7 17. Qb3 e4 18. Rfe1 Rfe8 19. Bf1 Qh4 20. c3 {
(Ilegible)} 1-0